000 00532nam a2200217Ia 4500
003 OSt
005 20220924133826.0
006 a|||||r|||| 00| 0
007 ta
008 220923b |||||||| |||| 00| 0 snd d
024 _a269247
037 _cTextual
040 _aARTS
_cARTS
_bsnd
041 _2snd
_asnd
082 _aO156,1x, 1593M3
100 _aAdwani B. H.
_9207483
245 0 _aAlamgir adib
260 _c1983
942 _hO156,1x, 1593M3
_cTEXL
_2CC
999 _c435433
_d435433